[Event "EU-ch U16 25th"]
[Site "Porec"]
[Date "2015.09.29"]
[Round "8"]
[White "Sinanovic, Ermin"]
[Black "Renzetti, Leonardo"]
[Result "1/2-1/2"]
[WhiteElo "2122"]
[BlackElo "2002"]
[PlyCount "131"]
[EventDate "2015.09.21"]
[EventType "swiss"]
[EventRounds "9"]
[EventCountry "CRO"]
[SourceTitle "EXT 2016"]
[Source "ChessBase"]
[SourceDate "2015.10.08"]
[SourceVersion "1"]
[SourceVersionDate "2015.10.08"]
[SourceQuality "1"]

1. d4 Nf6 2. Nf3 g6 3. Nbd2 d5 4. e3 Bg7 5. Bd3 0-0 6. b3 c5 7. Bb2 Nc6 8. a3 Re8 9. 0-0 e5 10. Nxe5 Nxe5 11. dxe5 Ng4 12. Nf3 Nxe5 13. Nxe5 Bxe5 14. Bxe5 Rxe5 15. Be2 Bf5 16. Bf3 Be4 17. Qe2 Qc7 18. Rfd1 Rd8 19. Rd2 h5 20. Rad1 Ree8 21. Bxe4 dxe4 22. c4 b6 23. Rd5 Rxd5 24. cxd5 Rd8 25. f3 Qe5 26. fxe4 Qxe4 27. Qd3 Qe5 28. e4 Kf8 29. g3 Rd7 30. Qf3 Ke7 31. Qf4 Kd6 32. h4 Re7 33. Qf3 f5 34. exf5 Qxf5 35. Qxf5 gxf5 36. Kf2 Re5 37. Rd3 Rxd5 38. Re3 b5 39. Rf3 c4 40. a4 Rd3 41. Rxd3+ cxd3 42. Ke3 bxa4 43. bxa4 Kc5 44. Kxd3 Kb4 45. Ke3 Kxa4 46. Kf4 Kb3 47. Kxf5 a5 48. g4 hxg4 49. h5 g3 50. h6 g2 51. h7 g1Q 52. h8Q Qc5+ 53. Ke6 a4 54. Qa1 Qc4+ 55. Ke7 Qc2 56. Qd4 Qc7+ 57. Ke8 Qc4 58. Qd1+ Kb4 59. Qe1+ Kb5 60. Qe5+ Kb6 61. Qb8+ Ka5 62. Qa7+ Kb4 63. Qe7+ Kb3 64. Qb7+ Ka3 65. Qf3+ Qb3 66. Qf8+ 1/2-1/2

[Event "EU-ch U16 25th"]
[Site "Porec"]
[Date "2015.09.23"]
[Round "3"]
[White "Renzetti, Leonardo"]
[Black "Jacobsen, Mikkel Manosri"]
[Result "0-1"]
[WhiteElo "2002"]
[BlackElo "2354"]
[PlyCount "44"]
[EventDate "2015.09.21"]
[EventType "swiss"]
[EventRounds "9"]
[EventCountry "CRO"]
[SourceTitle "EXT 2016"]
[Source "ChessBase"]
[SourceDate "2015.10.08"]
[SourceVersion "1"]
[SourceVersionDate "2015.10.08"]
[SourceQuality "1"]

1. d4 d5 2. c4 c6 3. Nc3 Nf6 4. Nf3 e6 5. g3 Nbd7 6. Bg2 Be7 7. 0-0 0-0 8. b3 b6 9. Qd3 c5 10. cxd5 exd5 11. Bf4 Bb7 12. Ne5 Re8 13. Nxd7 Qxd7 14. Rfd1 cxd4 15. Qxd4 Bc5 16. Qd3 d4 17. Bxb7 Qxb7 18. Nb5 Rad8 19. Rab1 Nd5 20. Bd2 Ne3 21. f3 Nxd1 22. Rxd1 a6 0-1

[Event "ITA-ch U16"]
[Site "Montesilvano"]
[Date "2015.07.03"]
[Round "7"]
[White "Moroni, Luca Jr"]
[Black "Renzetti, Leonardo"]
[Result "1/2-1/2"]
[WhiteElo "2437"]
[BlackElo "2010"]
[PlyCount "119"]
[EventDate "2015.06.29"]
[EventType "swiss"]
[EventRounds "9"]
[EventCountry "ITA"]
[SourceTitle "EXT 2024"]
[Source "ChessBase"]
[SourceDate "2023.10.10"]
[SourceVersion "1"]
[SourceVersionDate "2023.10.10"]
[SourceQuality "1"]

1. Nf3 Nf6 2. g3 d5 3. Bg2 e6 4. c4 Be7 5. 0-0 0-0 6. b3 d4 7. e3 c5 8. exd4 cxd4 9. Re1 Nc6 10. Ne5 Nxe5 11. Rxe5 Bd6 12. Re1 e5 13. d3 Re8 14. Ba3 Bxa3 15. Nxa3 Bg4 16. Qd2 Qd7 17. b4 Re7 18. c5 Rae8 19. Nc4 e4 20. Nd6 e3 21. Qb2 exf2+ 22. Qxf2 Re2 23. Qf1 R8e3 24. Rxe2 Bxe2 25. Qf5 Qxf5 26. Nxf5 Rxd3 27. Bxb7 Bg4 28. Ne7+ Kf8 29. Nc6 Rd2 30. Ne5 Be6 31. Nf3 Rd3 32. b5 Bd5 33. Bxd5 Nxd5 34. Kf2 Rc3 35. c6 Rc2+ 36. Kg1 d3 37. Rd1 Nc7 38. Rxd3 Nxb5 39. a4 Nc7 40. Rd8+ Ne8 41. Nd4 Rc4 42. a5 a6 43. Kf2 Rc5 44. Ra8 Ke7 45. Rxa6 Nc7 46. Ra7 Kd6 47. Ke3 g6 48. h4 h6 49. Kd3 Rd5 50. Rb7 Rxa5 51. Rb8 Ne6 52. Nxe6 fxe6 53. Ke3 Kxc6 54. Rh8 g5 55. h5 Kd5 56. Rxh6 Ke5 57. Kf3 Kf5 58. Rg6 Ra3+ 59. Kf2 Ra2+ 60. Kg1 1/2-1/2

[Event "Porto Sant Elpidio op 17th"]
[Site "Porto Sant Elpidio"]
[Date "2014.11.23"]
[Round "2"]
[White "Viviani, Alessio"]
[Black "Renzetti, Leonardo"]
[Result "1-0"]
[WhiteElo "2132"]
[BlackElo "2024"]
[PlyCount "43"]
[EventDate "2014.11.22"]
[EventType "swiss"]
[EventRounds "6"]
[EventCountry "ITA"]
[SourceTitle "EXT 2017"]
[Source "ChessBase"]
[SourceDate "2016.10.25"]
[SourceVersion "1"]
[SourceVersionDate "2016.10.25"]
[SourceQuality "1"]

1. d4 Nf6 2. c4 c5 3. d5 e6 4. Nc3 exd5 5. cxd5 d6 6. e4 g6 7. f4 Bg7 8. Bb5+ Nfd7 9. a4 0-0 10. Nf3 Re8 11. 0-0 a6 12. Bc4 Qa5 13. Bd2 Qb4 14. Nb5 Qxc4 15. Nxd6 Qd3 16. Ra3 Qxf1+ 17. Qxf1 Rd8 18. e5 Nb6 19. a5 Nxd5 20. Nxc8 Rxc8 21. Qc4 Rd8 22. Rd3 1-0

[Event "Porto Sant Elpidio op 17th"]
[Site "Porto Sant Elpidio"]
[Date "2014.11.22"]
[Round "1"]
[White "Renzetti, Leonardo"]
[Black "Marchetti, Michael"]
[Result "1-0"]
[WhiteElo "2024"]
[BlackElo "1653"]
[PlyCount "215"]
[EventDate "2014.11.22"]
[EventType "swiss"]
[EventRounds "6"]
[EventCountry "ITA"]
[SourceTitle "EXT 2017"]
[Source "ChessBase"]
[SourceDate "2016.10.25"]
[SourceVersion "1"]
[SourceVersionDate "2016.10.25"]
[SourceQuality "1"]

1. d4 Nf6 2. Nf3 d5 3. c4 e6 4. Nc3 c6 5. e3 Nbd7 6. Bd3 Be7 7. 0-0 0-0 8. Re1 Qc7 9. e4 dxe4 10. Nxe4 Re8 11. Ne5 c5 12. Bf4 cxd4 13. Ng5 Nxe5 14. Bxe5 Qc5 15. h4 h6 16. Nf3 Bd7 17. a3 Rad8 18. b4 Qc8 19. Nxd4 Bc6 20. Bc2 Nd7 21. Qd3 Nf8 22. b5 Bd7 23. h5 f6 24. Bf4 e5 25. Bxh6 exd4 26. Qg3 Bg4 27. f3 gxh6 28. fxg4 Bc5 29. Bf5 d3+ 30. Kh1 Qb8 31. Qf3 d2 32. Red1 Qd6 33. Be4 Re7 34. Bd5+ Kg7 35. Rxd2 Rde8 36. Rf1 Re1 37. Rd1 Rxd1 38. Rxd1 Qe5 39. Rf1 Bd6 40. g3 Nh7 41. Kg2 Ng5 42. Qf2 Qe2 43. Bxb7 Qxf2+ 44. Rxf2 Re3 45. Rd2 Rxg3+ 46. Kf2 Nh3+ 47. Ke2 Bc5 48. Rd7+ Kf8 49. Bd5 Nf4+ 50. Ke1 Re3+ 51. Kf1 Nxd5 52. Rxd5 Rf3+ 53. Kg2 Rf2+ 54. Kg3 Ra2 55. Rxc5 Rxa3+ 56. Kf4 Ke7 57. Rf5 Ra4 58. Rc5 Ke6 59. Rc6+ Ke7 60. Kf5 Ra1 61. Kg6 Rg1 62. Kxh6 Rxg4 63. Kh7 f5 64. h6 Kf7 65. Rc7+ Kf6 66. c5 f4 67. Rg7 Rh4 68. c6 f3 69. Rg3 Rf4 70. Rg8 f2 71. Rf8+ Ke5 72. Re8+ Kd6 73. Rd8+ Kc7 74. Rd7+ Kb6 75. c7 f1Q 76. c8Q Qb1+ 77. Kg8 Qa2+ 78. Kg7 Rg4+ 79. Kh8 Qb2+ 80. Rg7 Rxg7 81. Qc6+ Ka5 82. hxg7 Qh2+ 83. Kg8 Qa2+ 84. Kf8 Qf2+ 85. Ke7 Qh4+ 86. Qf6 Qe4+ 87. Kf7 Qd5+ 88. Kg6 Qe4+ 89. Qf5 Qg2+ 90. Kh6 Qh2+ 91. Qh5 Qd6+ 92. Kh7 Qd3+ 93. Kh8 Qd4 94. Kh7 Qe4+ 95. Kh6 Qf4+ 96. Qg5 Qh2+ 97. Kg6 Qd6+ 98. Kf7 Qd7+ 99. Qe7 Qf5+ 100. Ke8 Qg6+ 101. Kd8 Qd3+ 102. Kc8 Qf5+ 103. Qd7 Qg6 104. Qd8+ Kxb5 105. g8Q Qa6+ 106. Kb8 Qb6+ 107. Qxb6+ axb6 108. Qb3+ 1-0

[Event "Porto San Giorgio Weekend 15th"]
[Site "Porto San Giorgio"]
[Date "2012.11.24"]
[Round "4"]
[White "Renzetti, Leonardo"]
[Black "Iori, Massimiliano"]
[Result "0-1"]
[WhiteElo "1776"]
[BlackElo "2013"]
[PlyCount "70"]
[EventDate "2012.11.17"]
[EventType "swiss"]
[EventRounds "6"]
[EventCountry "ITA"]
[SourceTitle "EXT 2014"]
[Source "ChessBase"]
[SourceDate "2013.11.20"]
[SourceVersion "1"]
[SourceVersionDate "2013.11.20"]
[SourceQuality "1"]

1. d4 d5 2. c4 c6 3. Nc3 Nf6 4. Nf3 e6 5. Bg5 Be7 6. e3 Nbd7 7. Bd3 0-0 8. 0-0 Re8 9. cxd5 exd5 10. Qc2 h6 11. Bh4 Ne4 12. Bxe7 Qxe7 13. Bxe4 dxe4 14. Nd2 Nf6 15. Rac1 Bd7 16. Nc4 Rad8 17. Rfd1 Bf5 18. Na5 Nd5 19. Qb3 Qg5 20. Kh1 Bg4 21. Rg1 Nxc3 22. Qxc3 Rd5 23. Nxb7 Re6 24. Nc5 Qh4 25. Qb3 Re8 26. Qb7 Rc8 27. Ne6 Bxe6 28. Rxc6 Rxc6 29. Qxc6 Qxf2 30. Qc3 Rh5 31. Rd1 Bh3 32. Rg1 Bxg2+ 33. Rxg2 Qf1+ 34. Rg1 Qf3+ 35. Rg2 Rg5 0-1

[Event "Porto San Giorgio Weekend-B 14th"]
[Site "Porto San Giorgio"]
[Date "2011.11.20"]
[Round "2"]
[White "Basso, Fabrizio"]
[Black "Renzetti, Leonardo"]
[Result "1-0"]
[WhiteElo "1754"]
[BlackElo "1709"]
[PlyCount "127"]
[EventDate "2011.11.19"]
[EventType "swiss"]
[EventRounds "6"]
[EventCountry "ITA"]
[SourceTitle "EXT 2024"]
[Source "ChessBase"]
[SourceDate "2023.10.10"]
[SourceVersion "1"]
[SourceVersionDate "2023.10.10"]
[SourceQuality "1"]

1. e4 e6 2. d4 d5 3. Nc3 Nf6 4. Bg5 Be7 5. Bd3 h6 6. Bxf6 Bxf6 7. e5 Be7 8. Qg4 g6 9. Nf3 c5 10. 0-0 Nc6 11. Rad1 Qb6 12. Bb5 Bd7 13. dxc5 Qxc5 14. Nd4 Nxe5 15. Bxd7+ Nxd7 16. Nxe6 fxe6 17. Qxg6+ Kd8 18. Qxe6 Qc6 19. Rfe1 Bb4 20. Qxd5 Qxd5 21. Rxd5 Bxc3 22. bxc3 Kc7 23. Re7 Rad8 24. f4 Kc6 25. Rd4 Nc5 26. Kf2 Rd6 27. f5 Rf8 28. g4 h5 29. h3 hxg4 30. hxg4 Nd7 31. Kf3 a6 32. Kf4 b5 33. g5 a5 34. Rxd6+ Kxd6 35. Re6+ Kd5 36. Ra6 a4 37. Ra7 Ne5 38. f6 Ng6+ 39. Kf5 Nh4+ 40. Kg4 Ng6 41. Kh5 Nf4+ 42. Kh6 Ne6 43. f7 Ke5 44. Rb7 Kf4 45. Rxb5 Rxf7 46. g6 Ra7 47. c4 Ke4 48. Rd5 Nf4 49. Rd6 Ke5 50. c5 Ne6 51. Rb6 Ng7 52. c6 Ne6 53. Rb7 Ra8 54. g7 Nxg7 55. Rxg7 Rc8 56. c7 Kd6 57. Kg5 Rxc7 58. Rxc7 Kxc7 59. Kf4 Kd6 60. Ke3 Kc5 61. a3 Kc4 62. Kd2 Kd4 63. c3+ Kc4 64. Kc2 1-0

[Event "San Benedetto del Tronto Martire 3rd"]
[Site "San Benedetto del Tronto"]
[Date "2010.11.13"]
[Round "4"]
[White "Renzetti, Leonardo"]
[Black "Di Martino, Antonio"]
[Result "0-1"]
[WhiteElo "1548"]
[BlackElo "1890"]
[PlyCount "32"]
[EventDate "2010.11.07"]
[EventType "swiss"]
[EventRounds "6"]
[EventCountry "ITA"]
[SourceTitle "EXT 2024"]
[Source "ChessBase"]
[SourceDate "2023.10.10"]
[SourceVersion "1"]
[SourceVersionDate "2023.10.10"]
[SourceQuality "1"]

1. d4 d5 2. Nf3 Nf6 3. Bf4 e6 4. h3 Bd6 5. Ne5 0-0 6. e3 c5 7. c3 Nc6 8. Nd2 Qc7 9. Ndf3 Nd7 10. Nxd7 Bxd7 11. Bxd6 Qxd6 12. Bd3 cxd4 13. Nxd4 Nxd4 14. exd4 e5 15. Qh5 g6 16. Qxe5 Rfe8 0-1

[Event "San Benedetto del Tronto Martire 3rd"]
[Site "San Benedetto del Tronto"]
[Date "2010.11.07"]
[Round "1"]
[White "Renzetti, Leonardo"]
[Black "Giobbi, Costantino"]
[Result "1/2-1/2"]
[WhiteElo "1548"]
[BlackElo "1916"]
[PlyCount "122"]
[EventDate "2010.11.07"]
[EventType "swiss"]
[EventRounds "6"]
[EventCountry "ITA"]
[SourceTitle "EXT 2024"]
[Source "ChessBase"]
[SourceDate "2023.10.10"]
[SourceVersion "1"]
[SourceVersionDate "2023.10.10"]
[SourceQuality "1"]

1. d4 Nf6 2. Nf3 e6 3. Bf4 b6 4. h3 Bb7 5. e3 Be7 6. c3 0-0 7. Bd3 c5 8. Nbd2 d5 9. 0-0 Nc6 10. Ne5 Rc8 11. Ndf3 Ne4 12. Nxc6 Bxc6 13. Ba6 Ra8 14. Ne5 Be8 15. Bb7 Rb8 16. Nc6 Bxc6 17. Bxc6 Bd6 18. Bxd6 Qxd6 19. Ba4 b5 20. Bc2 f5 21. Bxe4 fxe4 22. dxc5 Qxc5 23. Qd4 Qxd4 24. cxd4 Rfc8 25. Rac1 Rc4 26. Rc3 Rxc3 27. bxc3 Rc8 28. Rb1 Rxc3 29. Rxb5 Rc1+ 30. Kh2 Rc2 31. Rb8+ Kf7 32. Rb7+ Kf6 33. Rxa7 Rxf2 34. Kg3 Re2 35. Ra3 g5 36. Kh2 h5 37. Kg1 Kf5 38. Kf1 Rc2 39. Ra8 Rc1+ 40. Kf2 Rc2+ 41. Kf1 Rc3 42. Rf8+ Kg6 43. Rg8+ Kf6 44. Rh8 Rxe3 45. Rxh5 Rd3 46. Rh6+ Kf5 47. g4+ Kf4 48. Rxe6 Rxh3 49. Re5 Ra3 50. Rxd5 Rxa2 51. Rd8 Kxg4 52. Re8 Kf3 53. Rf8+ Ke3 54. d5 Ra1+ 55. Kg2 Rd1 56. Rf5 g4 57. Kg3 Rd4 58. Kxg4 Kd3 59. Kg3 e3 60. Re5 e2 61. Kf3 Kc4 1/2-1/2

[Event "San Severino Marche 12th"]
[Site "San Severino Marche"]
[Date "2010.09.04"]
[Round "3"]
[White "Briffault, Philippe"]
[Black "Renzetti, Leonardo"]
[Result "0-1"]
[WhiteElo "1967"]
[BlackElo "1443"]
[PlyCount "92"]
[EventDate "2010.09.03"]
[EventType "swiss"]
[EventRounds "5"]
[EventCountry "ITA"]
[SourceTitle "EXT 2024"]
[Source "ChessBase"]
[SourceDate "2023.10.10"]
[SourceVersion "1"]
[SourceVersionDate "2023.10.10"]
[SourceQuality "1"]

1. d4 Nf6 2. c4 g6 3. Nc3 Bg7 4. e4 d6 5. Be2 0-0 6. h3 e5 7. d5 Nbd7 8. Nf3 Nc5 9. Bg5 h6 10. Bxf6 Bxf6 11. b4 Nd7 12. 0-0 Bg7 13. a4 f5 14. Nd2 Nf6 15. c5 fxe4 16. Ndxe4 Nxe4 17. Nxe4 Bf5 18. Bf3 Bxe4 19. Bxe4 Rf6 20. Qd3 g5 21. Rac1 Qe7 22. Rc2 dxc5 23. bxc5 Qd7 24. Qb3 Rb8 25. c6 Qf7 26. a5 b6 27. Qb5 Rf4 28. f3 Qe8 29. d6 Qd8 30. Rd1 Bf8 31. Qd5+ Kg7 32. Qxe5+ Rf6 33. d7 Bc5+ 34. Kh1 Bd6 35. Qd5 Qe7 36. Rb1 Qe5 37. Qxe5 Bxe5 38. Kg1 Bd6 39. Kf2 Re6 40. Ke2 b5 41. Kd3 Re5 42. Kd4 b4 43. Rcb2 Rxa5 44. Rxb4 Bxb4 45. d8Q Rxd8+ 46. Kc4 Bd6 0-1

[Event "San Severino Marche 12th"]
[Site "San Severino Marche"]
[Date "2010.09.03"]
[Round "1"]
[White "Guglielmi, Dante"]
[Black "Renzetti, Leonardo"]
[Result "0-1"]
[WhiteElo "1912"]
[BlackElo "1443"]
[PlyCount "112"]
[EventDate "2010.09.03"]
[EventType "swiss"]
[EventRounds "5"]
[EventCountry "ITA"]
[SourceTitle "EXT 2024"]
[Source "ChessBase"]
[SourceDate "2023.10.10"]
[SourceVersion "1"]
[SourceVersionDate "2023.10.10"]
[SourceQuality "1"]

1. c4 Nf6 2. Nc3 g6 3. g3 Bg7 4. Bg2 0-0 5. e3 d6 6. Nge2 e5 7. 0-0 Bd7 8. d4 Bc6 9. d5 Bd7 10. b4 Qc8 11. Re1 Bh3 12. Bh1 Ne8 13. Ne4 f5 14. Ng5 e4 15. Rb1 Bg4 16. Ne6 Rf7 17. Nxg7 Rxg7 18. Qd4 Bxe2 19. Rxe2 Nd7 20. Bb2 Nef6 21. c5 dxc5 22. bxc5 Rf7 23. Rc1 b6 24. Ba3 Qa6 25. Bb2 Qxe2 26. Bg2 Qa6 27. Bf1 Qc8 28. d6 bxc5 29. Qc3 cxd6 30. Bc4 d5 31. Bxd5 Rb8 32. Ba1 Rb6 33. Rd1 Kg7 34. Bc4 Re7 35. a4 Qb8 36. Kg2 Rd6 37. Rc1 Qb4 38. Qc2 Rd2 39. Qc3 Qxc3 40. Bxc3 Rd6 41. a5 Ne5 42. Be2 Nd3 43. Rb1 Kf7 44. Bd1 Nd5 45. Bb3 Kf8 46. Bxd5 Rxd5 47. Rb8+ Kf7 48. Rh8 Ke6 49. Rf8 Kd7 50. Bf6 Re6 51. Bg5 Kc6 52. Rc8+ Kb5 53. Rc7 Kxa5 54. Rxa7+ Kb6 55. Rxh7 c4 56. Rh8 c3 0-1